[Event "SF Kirchhellen 1 - SK Sodingen/Castrop "]
[Site "Verbandsklasse, Gruppe 2 2017"]
[Date "2018.02.25"]
[Round "7.2"]
[White "Borgs, Martin"]
[Black "Balke, Reiner"]
[Result "1/2-1/2"]
[WhiteElo "1975"]
[BlackElo "1836"]
[PlyCount "47"]
[EventDate "2018.??.??"]

1. d4 Nc6 2. Nf3 d5 3. Bf4 Nf6 4. e3 a6 5. Be2 e6 6. O-O Be7 7. h3 O-O 8. c4 b6
9. Nc3 Bb7 10. Rc1 Rc8 11. cxd5 exd5 12. Ne5 Nb8 13. Qb3 c6 14. Bd3 g6 15. Be2
Nbd7 16. Rfd1 b5 17. Bf3 Nb6 18. Qc2 Nfd7 19. Qe2 Re8 20. b3 Bf8 21. Rc2 Bg7
22. Nxd7 Nxd7 23. Qd3 f5 24. Nb1 1/2-1/2

[Event "SF Kirchhellen 1 - SK Sodingen/Castrop "]
[Site "Verbandsklasse, Gruppe 2 2017"]
[Date "2018.02.25"]
[Round "7.3"]
[White "Zygan, Michael"]
[Black "Schlueter, Christoph"]
[Result "1/2-1/2"]
[WhiteElo "1811"]
[BlackElo "1975"]
[PlyCount "40"]
[EventDate "2018.??.??"]

1. d4 Nf6 2. c4 g6 3. Nc3 d5 4. cxd5 Nxd5 5. e4 Nxc3 6. bxc3 Bg7 7. Nf3 O-O 8.
Be3 c5 9. Qd2 Qa5 10. Rb1 cxd4 11. cxd4 Qxd2+ 12. Bxd2 b6 13. Bc4 Bb7 14. d5
Rc8 15. Bd3 Nd7 16. Ke2 Nc5 17. Rhc1 e6 18. dxe6 Nxe6 19. Be3 Bf8 20. Ng5 Ba3
1/2-1/2

[Event "SF Kirchhellen 1 - SK Sodingen/Castrop "]
[Site "Verbandsklasse, Gruppe 2 2017"]
[Date "2018.02.25"]
[Round "7.4"]
[White "Schueppel, Werner"]
[Black "Scheibe, Werner"]
[Result "1-0"]
[WhiteElo "1953"]
[BlackElo "1828"]
[PlyCount "47"]
[EventDate "2018.??.??"]

1. d4 Nf6 2. Nf3 g6 3. Bf4 d6 4. Nc3 Bg7 5. Qd2 O-O 6. O-O-O Nbd7 7. Bh6 c6 8.
e4 b5 9. Bxg7 Kxg7 10. e5 Ne8 11. h4 h5 12. g4 Rh8 13. gxh5 Rxh5 14. Ng5 Nf8
15. Be2 Rh8 16. Qf4 Bf5 17. h5 Qd7 18. h6+ Kg8 19. h7+ Nxh7 20. Nxh7 Rxh7 21.
Rxh7 Kxh7 22. Rh1+ Kg8 23. Qh6 f6 24. Qh8+ 1-0

[Event "SF Kirchhellen 1 - SK Sodingen/Castrop "]
[Site "Verbandsklasse, Gruppe 2 2017"]
[Date "2018.02.25"]
[Round "7.5"]
[White "Kowalczyk, Frank"]
[Black "Belitz, Marco"]
[Result "0-1"]
[WhiteElo "1741"]
[BlackElo "1847"]
[Annotator "Daniel"]
[PlyCount "98"]
[EventDate "2018.??.??"]

1. e4 c5 2. Nf3 e6 3. d4 cxd4 4. Nxd4 a6 5. Bd3 Qc7 6. O-O Nf6 7. Nc3 b5 8. a3
Bb7 9. Qe2 d6 10. Bd2 Be7 11. Rae1 Nbd7 12. Nf3 O-O 13. h3 Rfe8 14. Qd1 Rad8
15. Qc1 Nc5 16. Bf4 Nxd3 17. cxd3 Qc5 18. b4 $11 Qc8 19. Qd2 d5 20. exd5 Nxd5
21. Nxd5 Bxd5 22. Rc1 Qa8 23. Qe3 Bf6 24. Be5 Bxe5 25. Nxe5 Bxg2 26. Rfe1 Rc8
27. Qf4 Bxh3 28. Qxf7+ Kh8 29. f3 Rf8 30. Qh5 Bf5 31. Kg2 Qd5 32. Nf7+ Kg8 33.
Ng5 Rxc1 34. Rxc1 Bg6 35. Qg4 Bf5 36. Qh5 Qxd3 37. Rh1 Qe2+ 38. Kg3 Bg6 39. Qg4
Qe5+ 40. Kg2 Rf5 41. Ne4 Rf4 42. Qg5 Qc7 43. Nc5 Rf5 44. Qe3 Re5 45. Qd4 Rg5+
46. Kf2 Qg3+ 47. Ke2 Rd5 48. Qg4 Re5+ 49. Ne4 Qxg4 0-1

[Event "SF Kirchhellen 1 - SK Sodingen/Castrop "]
[Site "Verbandsklasse, Gruppe 2 2017"]
[Date "2018.02.25"]
[Round "7.6"]
[White "Gajda, Peter"]
[Black "Tenschert, Hartmut"]
[Result "1-0"]
[WhiteElo "1812"]
[BlackElo "1747"]
[PlyCount "91"]
[EventDate "2018.??.??"]

1. e4 c5 2. Nf3 Nc6 3. d4 cxd4 4. Nxd4 e5 5. Nb5 d6 6. N1c3 a6 7. Na3 Nf6 8.
Bg5 Be7 9. Bxf6 Bxf6 10. Nd5 b5 11. c3 O-O 12. Nc2 Bg5 13. h4 Bh6 14. g4 Bf4
15. g5 Be6 16. Nce3 Bxe3 17. Nxe3 Ne7 18. h5 d5 19. g6 h6 20. gxf7+ Bxf7 21.
Qg4 Kh8 22. Rg1 Rg8 23. exd5 e4 24. O-O-O Qd6 25. Qxe4 Bxh5 26. Bd3 g6 27. Qh4
Qe5 28. Rg4 Rg7 29. Re4 Qg5 30. Qxg5 hxg5 31. Rh1 Rd8 32. Re5 Kg8 33. Rxg5 Bf3
34. Rhg1 Rd6 35. Bf5 Kf8 36. Be6 Ke8 37. R1g3 Be4 38. f3 Bd3 39. Rh3 Kd8 40.
Rh8+ Kc7 41. Kd2 Bb1 42. c4 Rd8 43. Rxd8 Kxd8 44. d6 Nc8 45. c5 Na7 46. Rg1 1-0

[Event "SF Kirchhellen 1 - SK Sodingen/Castrop "]
[Site "Verbandsklasse, Gruppe 2 2017"]
[Date "2018.02.25"]
[Round "7.7"]
[White "Mueller-Kreth, Kai"]
[Black "Langer, Raimund"]
[Result "1/2-1/2"]
[WhiteElo "1816"]
[BlackElo "1777"]
[PlyCount "47"]
[EventDate "2018.??.??"]

1. c4 e5 2. Nc3 Nf6 3. Nf3 Nc6 4. g3 Bb4 5. Bg2 O-O 6. O-O e4 7. Ng5 Bxc3 8.
dxc3 Re8 9. Qc2 Qe7 10. Bd2 h6 11. Nh3 Qc5 12. b3 d6 13. Rad1 Bxh3 14. Bxh3 Qh5
15. Bg2 Qxe2 16. Rfe1 Qg4 17. Be3 Ne5 18. Qe2 Nf3+ 19. Bxf3 exf3 20. Qf1 Re4
21. Bd4 Rae8 22. Bxf6 gxf6 23. Rxe4 Qxe4 24. h3 1/2-1/2

[Event "SF Kirchhellen 1 - SK Sodingen/Castrop "]
[Site "Verbandsklasse, Gruppe 2 2017"]
[Date "2018.02.25"]
[Round "7.8"]
[White "Kueper, Peter"]
[Black "Behnicke, Eckhard"]
[Result "1/2-1/2"]
[WhiteElo "1865"]
[BlackElo "1703"]
[PlyCount "54"]
[EventDate "2018.??.??"]

1. e4 d5 2. exd5 Qxd5 3. Nc3 Qd6 4. d4 Nf6 5. Nb5 Qd8 6. Bf4 Na6 7. c4 c6 8.
Nc3 Bf5 9. Nf3 h6 10. Bd3 Bxd3 11. Qxd3 e6 12. O-O Bd6 13. Be3 O-O 14. Ne4 Nxe4
15. Qxe4 Qf6 16. Bd2 Rac8 17. Bc3 Qf4 18. Qc2 c5 19. Rfe1 cxd4 20. Bxd4 Qf5 21.
Qxf5 exf5 22. Bxa7 Rxc4 23. Red1 Bc5 24. Ne5 Rc2 25. Bxc5 Nxc5 26. Rdc1 Rxc1+
27. Rxc1 Ne6 1/2-1/2

[Event "SG Winz-Baak 1 - SF Brackel 3"]
[Site "Verbandsklasse, Gruppe 3 2017"]
[Date "2018.02.25"]
[Round "7.1"]
[White "Stemmler, Fabian"]
[Black "Schwake, Peter"]
[Result "1-0"]
[WhiteElo "1938"]
[BlackElo "1883"]
[PlyCount "69"]
[EventDate "2018.??.??"]

1. d4 d5 2. Bf4 Nf6 3. e3 e6 4. Nf3 c5 5. c3 Nc6 6. Nbd2 Be7 7. Bd3 Nh5 8. Bg3
Nxg3 9. hxg3 h6 10. O-O O-O 11. Ne5 Nxe5 12. dxe5 b6 13. Qh5 Qe8 14. g4 f5 15.
Qxe8 Rxe8 16. gxf5 exf5 17. Bb5 Rd8 18. Bc6 Rb8 19. Rfd1 Be6 20. f4 a6 21. Ba4
Kf7 22. Nf3 g5 23. Rd2 g4 24. Ne1 h5 25. Bc6 h4 26. Rad1 d4 27. exd4 cxd4 28.
cxd4 Bxa2 29. d5 Bc5+ 30. Kh1 Be3 31. e6+ Kf6 32. e7 Rh8 33. Re2 Bxf4 34. e8=Q
Rbxe8 35. Rxe8 1-0

[Event "SG Winz-Baak 1 - SF Brackel 3"]
[Site "Verbandsklasse, Gruppe 3 2017"]
[Date "2018.02.25"]
[Round "7.2"]
[White "Kotzem, Ernst"]
[Black "Gerlach, Felix"]
[Result "0-1"]
[WhiteElo "1793"]
[BlackElo "1952"]
[PlyCount "62"]
[EventDate "2018.??.??"]

1. e4 e5 2. Nf3 Nc6 3. Bc4 Bc5 4. c3 Nf6 5. d4 exd4 6. O-O Nxe4 7. cxd4 Be7 8.
d5 Nb8 9. Re1 Nf6 10. Nc3 O-O 11. Bg5 h6 12. Bxf6 Bxf6 13. Qe2 d6 14. Bd3 Nd7
15. Bc2 Ne5 16. Nxe5 Bxe5 17. g3 Bd7 18. Qd3 g6 19. f4 Bg7 20. Rad1 Re8 21. Qf3
Qf6 22. Kg2 Kf8 23. h3 Rxe1 24. Rxe1 Re8 25. Rxe8+ Kxe8 26. Qe3+ Qe7 27. Qxa7
Qe1 28. Qb8+ Ke7 29. Qxc7 Qd2+ 30. Kf3 Qxc2 31. Qxb7 Bd4 0-1

[Event "SG Winz-Baak 1 - SF Brackel 3"]
[Site "Verbandsklasse, Gruppe 3 2017"]
[Date "2018.02.25"]
[Round "7.3"]
[White "Garbuz, Vitaliy"]
[Black "Boetzel, Martin"]
[Result "1-0"]
[WhiteElo "1985"]
[BlackElo "1758"]
[PlyCount "43"]
[EventDate "2018.??.??"]

1. e4 e6 2. d4 d5 3. Nd2 c5 4. exd5 Qxd5 5. Ngf3 cxd4 6. Bc4 Qd8 7. O-O a6 8.
a4 Nc6 9. Nb3 Nf6 10. Nbxd4 Nxd4 11. Nxd4 Qc7 12. b3 Bc5 13. Bb2 O-O 14. Qe2
Bd7 15. Nf3 Nd5 16. Ne5 Rad8 17. Rad1 Bc6 18. Nxc6 Qxc6 19. Qg4 f6 20. Bd3 Rd7
21. c4 Bxf2+ 22. Kxf2 1-0

[Event "SG Winz-Baak 1 - SF Brackel 3"]
[Site "Verbandsklasse, Gruppe 3 2017"]
[Date "2018.02.25"]
[Round "7.4"]
[White "Kraus, Torsten"]
[Black "Elier, Ali"]
[Result "0-1"]
[WhiteElo "1756"]
[BlackElo "1982"]
[PlyCount "42"]
[EventDate "2018.??.??"]

1. d4 g6 2. c4 Bg7 3. Nc3 c5 4. d5 Bxc3+ 5. bxc3 f5 6. e3 Nf6 7. Bd3 Qa5 8. Qc2
O-O 9. Ne2 e5 10. dxe6 dxe6 11. e4 fxe4 12. Bxe4 Nxe4 13. Qxe4 Nc6 14. h4 e5
15. g4 Nd4 16. Bd2 Nf3+ 17. Kd1 Bd7 18. Qd5+ Kh8 19. Qxb7 Rad8 20. h5 Bc6 21.
Qxc6 Rxd2+ 0-1

[Event "SG Winz-Baak 1 - SF Brackel 3"]
[Site "Verbandsklasse, Gruppe 3 2017"]
[Date "2018.02.25"]
[Round "7.5"]
[White "Seref, Erdogan"]
[Black "Groß, Michael"]
[Result "1-0"]
[WhiteElo "1948"]
[BlackElo "1698"]
[PlyCount "55"]
[EventDate "2018.??.??"]

1. e4 e5 2. Nf3 Nc6 3. Bb5 a6 4. Ba4 Nf6 5. O-O Nxe4 6. d4 b5 7. Bb3 d5 8. dxe5
Be6 9. c3 Bc5 10. Qe2 O-O 11. Nbd2 Nxd2 12. Bxd2 Na5 13. Bc2 Be7 14. Qd3 g6 15.
Bh6 Re8 16. Nd4 Qd7 17. Qg3 f5 18. exf6 Bxf6 19. Bxg6 hxg6 20. Qxg6+ Bg7 21.
Rae1 Bg4 22. Rxe8+ Rxe8 23. Bxg7 Qf7 24. Qxg4 Qxg7 25. Qxg7+ Kxg7 26. Nf5+ Kf6
27. Ne3 c6 28. b3 1-0

[Event "SG Winz-Baak 1 - SF Brackel 3"]
[Site "Verbandsklasse, Gruppe 3 2017"]
[Date "2018.02.25"]
[Round "7.6"]
[White "Wesener, Rainer"]
[Black "Kantor, Nikita"]
[Result "1/2-1/2"]
[WhiteElo "1686"]
[BlackElo "1791"]
[PlyCount "43"]
[EventDate "2018.??.??"]

1. d4 Nf6 2. Bf4 g6 3. Nc3 d5 4. e3 c6 5. Be2 Nbd7 6. h4 h5 7. Nf3 Qb6 8. Na4
Qa5+ 9. c3 b5 10. Nc5 Nxc5 11. dxc5 b4 12. Qd4 bxc3 13. b4 Qa3 14. Be5 Bg7 15.
Qxc3 Qxc3+ 16. Bxc3 O-O 17. Bd3 Bd7 18. Rb1 a5 19. bxa5 Ne4 20. Bxg7 Kxg7 21.
Bxe4 dxe4 22. Ne5 1/2-1/2

[Event "SG Winz-Baak 1 - SF Brackel 3"]
[Site "Verbandsklasse, Gruppe 3 2017"]
[Date "2018.02.25"]
[Round "7.7"]
[White "Kracht, Raphael"]
[Black "Franke, Wolfgang"]
[Result "1/2-1/2"]
[WhiteElo "1913"]
[BlackElo "1784"]
[PlyCount "57"]
[EventDate "2018.??.??"]

1. d4 e5 2. dxe5 d6 3. exd6 Bxd6 4. Nf3 Bg4 5. e3 Qe7 6. Bd3 Nd7 7. O-O O-O-O
8. Nbd2 Ne5 9. Be2 h5 10. Nxe5 Qxe5 11. Bxg4+ hxg4 12. Qxg4+ f5 13. Qg3 Qe6 14.
f4 Nf6 15. Nb3 Ne4 16. Qf3 g5 17. Nd4 Qh6 18. Qh3 Qxh3 19. gxh3 gxf4 20. Nxf5
Rdg8+ 21. Kh1 Rxh3 22. Nxd6+ cxd6 23. Rxf4 d5 24. c4 Rgh8 25. cxd5 Rxh2+ 26.
Kg1 Rh1+ 27. Kg2 R8h2+ 28. Kf3 Nc5 29. Rc4 1/2-1/2

[Event "SG Winz-Baak 1 - SF Brackel 3"]
[Site "Verbandsklasse, Gruppe 3 2017"]
[Date "2018.02.25"]
[Round "7.8"]
[White "Haupt, Horst-Peter"]
[Black "Schaede, Maximilian"]
[Result "0-1"]
[WhiteElo "1656"]
[BlackElo "1805"]
[PlyCount "42"]
[EventDate "2018.??.??"]

1. e4 c5 2. Nf3 d6 3. b3 Nf6 4. d3 g6 5. Bb2 Bg7 6. Nbd2 O-O 7. Be2 Nc6 8. Rb1
a6 9. O-O b5 10. Re1 Qb6 11. Nf1 a5 12. Ne3 a4 13. Nd5 Nxd5 14. Bxg7 Kxg7 15.
exd5 Nb4 16. Qc1 Nxd5 17. c4 Nc7 18. cxb5 axb3 19. Rxb3 Rxa2 20. Nd2 d5 21. Qb1
Rxd2 0-1

[Event "SC Lünen Horstmar 1 - Hervest-Dorstener"]
[Site "Verbandsklasse, Gruppe 3 2017"]
[Date "2018.02.25"]
[Round "7.1"]
[White "Doering, Carsten"]
[Black "Bauch, Olaf"]
[Result "0-1"]
[WhiteElo "1961"]
[BlackElo "1900"]
[PlyCount "36"]
[EventDate "2018.??.??"]

1. d4 Nf6 2. c4 e6 3. g3 d5 4. Nf3 Be7 5. Bg2 O-O 6. O-O b6 7. Qc2 Bb7 8. Rd1
Nbd7 9. Bf4 Rc8 10. Nbd2 c5 11. dxc5 Bxc5 12. Qa4 a6 13. cxd5 b5 14. Qb3 Bxd5
15. Qd3 Qb6 16. e3 h6 17. Nb3 Bxf3 18. Bxf3 e5 0-1

[Event "SC Lünen Horstmar 1 - Hervest-Dorstener"]
[Site "Verbandsklasse, Gruppe 3 2017"]
[Date "2018.02.25"]
[Round "7.2"]
[White "Seref, Serkan"]
[Black "Tig, Achmet"]
[Result "0-1"]
[WhiteElo "1801"]
[BlackElo "1916"]
[PlyCount "70"]
[EventDate "2018.??.??"]

1. e4 c5 2. Nc3 Nc6 3. f4 g6 4. Nf3 Bg7 5. Bb5 Nd4 6. O-O a6 7. Bd3 d6 8. Nxd4
cxd4 9. Ne2 e6 10. c3 dxc3 11. dxc3 Ne7 12. Qc2 O-O 13. f5 exf5 14. exf5 Nxf5
15. Kh1 d5 16. Bf4 Be6 17. Rad1 Rc8 18. Qd2 Nd6 19. Bxd6 Qxd6 20. Be4 Rfd8 21.
Bf3 Rc4 22. b3 Rc7 23. c4 d4 24. Nc3 b5 25. Ne4 Qd7 26. cxb5 axb5 27. b4 Bc4
28. Rfe1 Ra7 29. Nc5 Qc7 30. Qg5 h6 31. Qh4 Bxa2 32. Rc1 Bc4 33. Qf2 d3 34. Qd2
Ra2 35. Ne6 Bxe6 0-1

[Event "SC Lünen Horstmar 1 - Hervest-Dorstener"]
[Site "Verbandsklasse, Gruppe 3 2017"]
[Date "2018.02.25"]
[Round "7.3"]
[White "Nowok, Frank"]
[Black "Titschert, Julian"]
[Result "0-1"]
[WhiteElo "1865"]
[BlackElo "1812"]
[PlyCount "100"]
[EventDate "2018.??.??"]

1. e4 Nc6 2. Bc4 Nf6 3. d3 d5 4. exd5 Nxd5 5. Nc3 Nb6 6. Bb3 Nd4 7. Nge2 Nxb3
8. axb3 c6 9. Be3 Bf5 10. O-O e6 11. Ne4 Be7 12. N4g3 Bg6 13. Nf4 e5 14. Nxg6
hxg6 15. Qe2 O-O 16. Ra2 c5 17. Bd2 Nd7 18. Rfa1 a6 19. Ba5 Qb8 20. Ne4 f5 21.
Nd2 b6 22. Bc3 a5 23. Nc4 Bd6 24. Re1 Re8 25. Raa1 Bc7 26. Nd2 Nf6 27. Ra4 b5
28. Raa1 b4 29. Nf1 bxc3 30. bxc3 Qb7 31. Qe3 Qd5 32. Qg3 Kf7 33. Ne3 Qc6 34.
Nf1 e4 35. Qg5 Rh8 36. Red1 Rh5 37. Qd2 Rah8 38. g3 e3 39. fxe3 Ng4 40. Re1
Nxh2 41. Nxh2 Rxh2 42. Qxh2 Rxh2 43. Kxh2 Qf3 44. Rg1 Qxe3 45. Rg2 g5 46. Ra4
f4 47. Re4 fxg3+ 48. Kh3 Qf3 49. Rg4 Kf6 50. d4 Kf5 0-1

[Event "SC Lünen Horstmar 1 - Hervest-Dorstener"]
[Site "Verbandsklasse, Gruppe 3 2017"]
[Date "2018.02.25"]
[Round "7.4"]
[White "Atasoy, Tarik"]
[Black "Hater, Norbert"]
[Result "1-0"]
[WhiteElo "1718"]
[BlackElo "1879"]
[PlyCount "105"]
[EventDate "2018.??.??"]

1. e4 d5 2. exd5 Qxd5 3. Nc3 Qd6 4. Nf3 Nf6 5. h3 Bf5 6. Bc4 e6 7. d3 Be7 8.
Nb5 Qd8 9. Bf4 Na6 10. O-O O-O 11. Qe2 c6 12. Nbd4 Nc7 13. Nxf5 exf5 14. Qe5
Nfd5 15. Bxd5 Nxd5 16. Qxf5 Nxf4 17. Qxf4 Bf6 18. Qb4 Qd7 19. Rfe1 a5 20. Qa3
b5 21. Rab1 Rfe8 22. Rxe8+ Qxe8 23. Qc5 Ra6 24. Re1 Qf8 25. Qxf8+ Kxf8 26. Ne5
Be7 27. Kf1 f6 28. Nf3 c5 29. Re4 b4 30. Ke2 a4 31. Nd2 Kf7 32. Nc4 Bd8 33. d4
Be7 34. d5 f5 35. Re5 Kf6 36. f4 g6 37. h4 Kf7 38. g3 Bf6 39. Re3 Bd4 40. Rd3
Ke7 41. c3 bxc3 42. bxc3 Bf6 43. d6+ Kd8 44. Kd2 h6 45. Rd5 Rc6 46. Kc2 Rc8 47.
Nb6 Rc6 48. Nxa4 c4 49. Nc5 Rb6 50. a4 Kc8 51. a5 Rc6 52. a6 Kb8 53. Nd7+ 1-0

[Event "SC Lünen Horstmar 1 - Hervest-Dorstener"]
[Site "Verbandsklasse, Gruppe 3 2017"]
[Date "2018.02.25"]
[Round "7.5"]
[White "Vengels, Joachim"]
[Black "Akcapinar, Yavuz"]
[Result "1-0"]
[WhiteElo "1978"]
[BlackElo "1749"]
[PlyCount "51"]
[EventDate "2018.??.??"]

1. c4 Nf6 2. Nc3 e6 3. e4 Bb4 4. e5 Bxc3 5. bxc3 Ng8 6. d4 Ne7 7. Bd3 d6 8. f4
dxe5 9. fxe5 Ng6 10. Nf3 Nh4 11. O-O Nxf3+ 12. Qxf3 O-O 13. Ba3 Nc6 14. Bxf8
Qxf8 15. Qh3 g6 16. Rf6 Bd7 17. Raf1 Nd8 18. Qe3 Qa3 19. Bb1 Bc6 20. h4 Be8 21.
h5 Rb8 22. hxg6 hxg6 23. Qh6 b5 24. Bxg6 bxc4 25. Bh7+ Kh8 26. R1f3 1-0

[Event "SC Lünen Horstmar 1 - Hervest-Dorstener"]
[Site "Verbandsklasse, Gruppe 3 2017"]
[Date "2018.02.25"]
[Round "7.6"]
[White "Hagedorn, Dirk"]
[Black "Heiming, Thomas"]
[Result "0-1"]
[WhiteElo "1764"]
[BlackElo "1813"]
[PlyCount "132"]
[EventDate "2018.??.??"]

1. e4 c5 2. d4 cxd4 3. c3 e5 4. Nf3 Nc6 5. Bc4 Be7 6. O-O Nf6 7. cxd4 d6 8. d5
Nb8 9. Nc3 O-O 10. h3 a6 11. a4 Ne8 12. Be3 Kh8 13. a5 Nd7 14. Na4 f5 15. Bb6
Nxb6 16. Nxb6 Rb8 17. Bd3 Nf6 18. Nd2 fxe4 19. Nxe4 Nd7 20. Nc4 Nf6 21. Nb6 Nd7
22. Nxd7 Bxd7 23. Nxd6 Bxd6 24. Qh5 g6 25. Bxg6 Qe7 26. Rac1 Rg8 27. Be4 Rg5
28. Qh6 Bf5 29. Bxf5 Rxf5 30. g4 Rf6 31. Qe3 Rbf8 32. Qg5 Qf7 33. Qd2 Rf3 34.
Rc3 Qf4 35. Qxf4 R3xf4 36. Rd3 Rc8 37. Rb3 Rb4 38. Rxb4 Bxb4 39. Rd1 Rd8 40.
Kg2 Bxa5 41. d6 Kg7 42. Rd5 Bb4 43. Rxe5 Bxd6 44. Rd5 Be7 45. Rxd8 Bxd8 46. f4
a5 47. Kf3 Kf6 48. Ke4 Ke6 49. g5 b5 50. f5+ Kd6 51. h4 a4 52. f6 Ke6 53. Kd4
Bb6+ 54. Ke4 Bf2 55. h5 Bh4 56. Kd4 Bf2+ 57. Ke4 b4 58. Kd3 a3 59. bxa3 bxa3
60. Kc3 Bc5 61. Kb3 Kf7 62. Ka2 Bf8 63. Kb3 Ke6 64. Ka2 Kf5 65. g6 hxg6 66. h6
Kxf6 0-1

[Event "SC Lünen Horstmar 1 - Hervest-Dorstener"]
[Site "Verbandsklasse, Gruppe 3 2017"]
[Date "2018.02.25"]
[Round "7.7"]
[White "Kudsin, Alexander"]
[Black "Richter, Marc"]
[Result "0-1"]
[WhiteElo "1812"]
[BlackElo "1675"]
[PlyCount "116"]
[EventDate "2018.??.??"]

1. Nf3 c5 2. c4 Nc6 3. Nc3 e5 4. d3 h6 5. Nd5 g6 6. g3 Bg7 7. Bg2 Nge7 8. Nd2
O-O 9. O-O d6 10. a3 Rb8 11. Rb1 Nxd5 12. Bxd5 Ne7 13. Bg2 f5 14. b4 Qc7 15.
bxc5 dxc5 16. Qc2 b6 17. Nf3 Bb7 18. Bb2 Nc6 19. e3 Rbd8 20. Rfd1 Rd7 21. Nh4
Ne7 22. Nf3 Nc6 23. Nh4 Ne7 24. Nf3 Rf7 25. Rd2 Rf8 26. Rbd1 Rfd8 27. Bc3 Kh7
28. Qb2 Nc6 29. Nh4 Re7 30. Bd5 Nb8 31. e4 Bxd5 32. cxd5 Rf8 33. Ng2 Nd7 34. f4
Rff7 35. Qc2 b5 36. Bb2 Qb6 37. Kh1 a5 38. Rf1 fxe4 39. dxe4 Rf8 40. Nh4 Qd6
41. f5 Ree8 42. Nxg6 Rf7 43. Kg2 Bf6 44. Qd3 c4 45. Qf3 b4 46. Rc2 c3 47. Bc1
Rb8 48. Be3 Nb6 49. Qh5 Bg7 50. Nxe5 Qxe5 51. Qg6+ Kg8 52. Bxh6 Qxe4+ 53. Kh3
Qxc2 54. axb4 axb4 55. Rf4 Qe2 56. f6 Nxd5 57. Re4 Qf1+ 58. Kh4 Qxf6+ 0-1

[Event "SC Lünen Horstmar 1 - Hervest-Dorstener"]
[Site "Verbandsklasse, Gruppe 3 2017"]
[Date "2018.02.25"]
[Round "7.8"]
[White "Breuker, Detlef"]
[Black "Schmidt, Christian"]
[Result "1-0"]
[WhiteElo "1653"]
[BlackElo "1725"]
[PlyCount "181"]
[EventDate "2018.??.??"]

1. e4 d5 2. exd5 Qxd5 3. Nc3 Qd8 4. Bc4 Nf6 5. Nf3 Bg4 6. Bxf7+ Kxf7 7. Ne5+
Ke8 8. Nxg4 Nbd7 9. O-O c6 10. Re1 Qc7 11. b4 Kd8 12. b5 Qf4 13. Nxf6 gxf6 14.
Re4 Qf5 15. Qg4 Qxg4 16. Rxg4 Kc7 17. bxc6 bxc6 18. Rb1 e6 19. Re4 e5 20. Rc4
c5 21. d3 Nb6 22. Re4 Kc6 23. f4 Bd6 24. f5 Rhb8 25. Rh4 Rb7 26. Be3 Rab8 27.
Rh6 Rf7 28. Ne4 Be7 29. c4 Rd8 30. Rd1 Nxc4 31. Bc1 Nd6 32. Nxd6 Bxd6 33. Be3
Rb8 34. Rd2 Rb4 35. Kf2 Bf8 36. Rh3 Rfb7 37. Kf3 Rb2 38. Rxb2 Rxb2 39. Rxh7
Rxa2 40. Rf7 Bd6 41. h4 a5 42. h5 Ra1 43. h6 Rh1 44. Bd2 a4 45. Ra7 Bf8 46. h7
a3 47. Rxa3 Rxh7 48. Ra6+ Kd5 49. Rxf6 Be7 50. Rg6 Rh1 51. g4 Rh3+ 52. Ke2 Rh2+
53. Ke3 Rh3+ 54. Ke2 Kd4 55. Be1 Rh2+ 56. Bf2+ Kd5 57. f6 Bf8 58. Rg8 Bd6 59.
f7 Ke6 60. f8=Q Bxf8 61. Rxf8 Ke7 62. Rf3 Ke6 63. Rf8 Kd7 64. Ra8 Ke6 65. Ra6+
Kd5 66. Kf3 Rh3+ 67. Bg3 Rh1 68. g5 Rd1 69. Ra3 Ke6 70. Bf2 Kf5 71. Ke2 Rb1 72.
Be3 Rb2+ 73. Kf3 Rb1 74. Ra8 Rb3 75. Rf8+ Kg6 76. Ke4 Rc3 77. Re8 c4 78. dxc4
Rxc4+ 79. Kxe5 Rb4 80. Re6+ Kg7 81. Ra6 Rb5+ 82. Kf4 Rb4+ 83. Kf5 Rb5+ 84. Kg4
Rb4+ 85. Bf4 Rc4 86. Kf5 Rc5+ 87. Be5+ Kg8 88. g6 Rc8 89. Ra7 Rd8 90. Rh7 Rd5
91. Rh8# 1-0

[Event "SG Mengede 1 - SC Rochade Rüttenscheid "]
[Site "Verbandsklasse, Gruppe 3 2017"]
[Date "2018.02.25"]
[Round "7.1"]
[White "Dergatschova, Anna"]
[Black "Borgschulze, Maik"]
[Result "1-0"]
[WhiteElo "2114"]
[BlackElo "2144"]
[PlyCount "75"]
[EventDate "2018.??.??"]

1. e4 e6 2. c4 d5 3. cxd5 exd5 4. exd5 Nf6 5. Bb5+ Nbd7 6. Nc3 Be7 7. d3 O-O 8.
Bc4 Re8 9. Nge2 Ne5 10. O-O a6 11. a4 Bd6 12. Bg5 Nxc4 13. dxc4 Bxh2+ 14. Kh1
Bd6 15. Qd4 Be5 16. Qd3 Bg4 17. f4 Bd6 18. Ng3 h6 19. Bh4 Be7 20. Bxf6 Bxf6 21.
Rae1 Rxe1 22. Rxe1 c6 23. Nce4 cxd5 24. cxd5 Bxb2 25. Rb1 f5 26. Nf2 Qh4+ 27.
Kg1 Bd4 28. Qxd4 Qxg3 29. Nxg4 fxg4 30. Qe5 Qd3 31. Rxb7 Qg6 32. d6 Rc8 33. Rc7
Rb8 34. Rc1 Qd3 35. d7 Rf8 36. Qe6+ Kh7 37. f5 Rxf5 38. Qxf5+ 1-0

[Event "SG Mengede 1 - SC Rochade Rüttenscheid "]
[Site "Verbandsklasse, Gruppe 3 2017"]
[Date "2018.02.25"]
[Round "7.2"]
[White "Pauling, Markus"]
[Black "Khasin, Abram"]
[Result "1-0"]
[WhiteElo "2141"]
[BlackElo "2083"]
[PlyCount "137"]
[EventDate "2018.??.??"]

1. e4 g6 2. d4 Bg7 3. c3 d6 4. f4 Nf6 5. Bd3 O-O 6. Nf3 c5 7. O-O cxd4 8. cxd4
Nc6 9. Nc3 Qb6 10. Na4 Qc7 11. Kh1 e5 12. d5 Nb4 13. fxe5 dxe5 14. Bb1 Ne8 15.
Bd2 Na6 16. Bd3 Nd6 17. Rc1 Qe7 18. Bxa6 bxa6 19. Bb4 Rb8 20. Ba3 Bd7 21. Nc3
Rfc8 22. Qe2 Rb6 23. Nd2 Bh6 24. b3 Qh4 25. Bxd6 Rxd6 26. g3 Qg4 27. Qd3 f5 28.
Rcd1 Bxd2 29. Rxd2 fxe4 30. Nxe4 Bb5 31. Qf3 Qxf3+ 32. Rxf3 Rdd8 33. Kg2 a5 34.
g4 Ba6 35. g5 Bb7 36. Rfd3 a4 37. Kf3 axb3 38. axb3 Ba6 39. Re3 Kg7 40. Nf6 h6
41. h4 Rb8 42. Rxe5 Rxb3+ 43. Re3 Rxe3+ 44. Kxe3 Bc8 45. Rc2 hxg5 46. hxg5 a5
47. Rc7+ Kf8 48. Ra7 a4 49. Kf4 Bf5 50. Rxa4 Rb8 51. Ke5 Rb1 52. Ra8+ Kf7 53.
Ra7+ Kf8 54. Rc7 Rb2 55. Kd6 Rb1 56. Ra7 Rc1 57. Ke5 Re1+ 58. Kd4 Rc1 59. Nh7+
Ke8 60. Ke5 Rb1 61. Kf6 Kd8 62. Nf8 Rb6+ 63. Ne6+ Kc8 64. Rc7+ Kb8 65. Rc5 Rb1
66. Nf8 Be4 67. d6 Rd1 68. d7 Bf5 69. Rc8+ 1-0

[Event "SG Mengede 1 - SC Rochade Rüttenscheid "]
[Site "Verbandsklasse, Gruppe 3 2017"]
[Date "2018.02.25"]
[Round "7.3"]
[White "Lindenmaier, Reinhard"]
[Black "Delvos, Thorsten"]
[Result "1/2-1/2"]
[WhiteElo "2018"]
[BlackElo "1990"]
[PlyCount "26"]
[EventDate "2018.??.??"]

1. d4 Nf6 2. Nf3 g6 3. Bg5 Bg7 4. Nbd2 d6 5. e3 O-O 6. Be2 Nbd7 7. O-O h6 8.
Bh4 e5 9. dxe5 dxe5 10. c3 Qe7 11. Qc2 g5 12. Bg3 Nh5 13. e4 Nf4 1/2-1/2

[Event "SG Mengede 1 - SC Rochade Rüttenscheid "]
[Site "Verbandsklasse, Gruppe 3 2017"]
[Date "2018.02.25"]
[Round "7.4"]
[White "Weinert, Christian"]
[Black "Dorgarten, Armin"]
[Result "1/2-1/2"]
[WhiteElo "1979"]
[BlackElo "1905"]
[PlyCount "44"]
[EventDate "2018.??.??"]

1. c4 e5 2. g3 g6 3. Bg2 Bg7 4. Nc3 d6 5. d3 Nc6 6. e3 Nge7 7. Nge2 O-O 8. O-O
Be6 9. h3 Qd7 10. Kh2 Rad8 11. Nd5 Nf5 12. f4 Nce7 13. e4 Bxd5 14. cxd5 Nh6 15.
Be3 f6 16. Qd2 Nf7 17. Rac1 c5 18. b4 b6 19. bxc5 bxc5 20. Qa5 Rb8 21. Rb1 Rfc8
22. Nc3 f5 1/2-1/2

[Event "SG Mengede 1 - SC Rochade Rüttenscheid "]
[Site "Verbandsklasse, Gruppe 3 2017"]
[Date "2018.02.25"]
[Round "7.5"]
[White "Koprek, Juergen"]
[Black "Bork, Sophie"]
[Result "0-1"]
[WhiteElo "1844"]
[BlackElo "1902"]
[PlyCount "34"]
[EventDate "2018.??.??"]

1. d4 d5 2. c4 e6 3. Nc3 c5 4. cxd5 exd5 5. dxc5 d4 6. Na4 b5 7. cxb6 axb6 8.
b3 b5 9. Nb2 Qa5+ 10. Bd2 Qa3 11. Qc2 Bd7 12. Nf3 Nc6 13. e3 dxe3 14. Bxe3 Nf6
15. Bd2 Nb4 16. Qb1 Rc8 17. Bd3 Qxb2 0-1

[Event "SG Mengede 1 - SC Rochade Rüttenscheid "]
[Site "Verbandsklasse, Gruppe 3 2017"]
[Date "2018.02.25"]
[Round "7.6"]
[White "Malstaedt, Frank"]
[Black "Storp, Thomas"]
[Result "1-0"]
[WhiteElo "1776"]
[BlackElo "1809"]
[PlyCount "73"]
[EventDate "2018.??.??"]

1. e4 c5 2. c4 Nc6 3. g3 d6 4. Nc3 g6 5. Bg2 Bg7 6. d3 Nf6 7. Nge2 O-O 8. O-O
a6 9. h3 Rb8 10. f4 e6 11. Be3 Nd7 12. Qd2 Nd4 13. Bf2 Nxe2+ 14. Nxe2 b5 15.
Rab1 Bb7 16. b3 b4 17. d4 Qc7 18. d5 exd5 19. exd5 Rfe8 20. g4 Nf6 21. Ng3 Re7
22. f5 h6 23. fxg6 fxg6 24. Qd3 Kh7 25. Ne2 Nd7 26. Bg3 Rbe8 27. Nf4 Nf8 28.
Rbe1 Bd4+ 29. Kh1 Be5 30. Be4 Bxf4 31. Rxf4 Kg7 32. Ref1 Bc8 33. Rf6 Rxe4 34.
Bxd6 Qd7 35. Bxf8+ Rxf8 36. Rxf8 Re7 37. R1f6 1-0